[Event "40th Olympiad Women"]
[Site "Istanbul TUR"]
[Date "2012.09.03"]
[Round "6.35"]
[Board "4"]
[White "Kristinardottir, Elsa Maria"]
[Black "Varela La Madrid, Tilsia Carolin"]
[Result "1/2-1/2"]
[WhiteElo "1737"]
[BlackElo "2036"]
[WhiteTeam "Iceland"]
[BlackTeam "Venezuela"]
[WhiteFideId "2300370"]
[BlackFideId "3903001"]
[EventDate "2012.08.28"]

1. e4 d5 2. exd5 Qxd5 3. Nc3 Qa5 4. Bc4 c6 5. d3 Nf6 6. Bd2 Bf5 7. Nf3 Nbd7 8.
Qe2 e6 9. Nd4 Bg6 10. O-O Qe5 11. Be3 Bh5 12. Qd2 Bc5 13. f4 Qc7 14. Nf3 Bxe3+
15. Qxe3 O-O 16. Rae1 Nb6 17. Bb3 a5 18. a3 Nbd5 19. Nxd5 Nxd5 20. Bxd5 cxd5 21.
c3 Bxf3 22. Rxf3 Ra6 23. d4 b5 24. Qd3 Qc4 25. Rh3 Qxd3 26. Rxd3 Rb8 27. Rde3 g6
28. g4 b4 29. axb4 axb4 30. f5 bxc3 31. bxc3 gxf5 32. gxf5 exf5 33. Re5 Rg6+ 34.
Kf2 Rb2+ 35. R1e2 Rxe2+ 36. Rxe2 Re6 37. Rb2 Kg7 38. Rb5 Rd6 39. Rc5 Kf6 40. Rc7
Ra6 41. Kf3 Re6 42. Rc5 Rd6 43. Kf4 Ke6 44. Rc7 h6 45. h3 Ra6 46. Rc8 Kf6 47.
Rd8 Rc6 48. Rxd5 Rxc3 49. h4 Rh3 50. Rxf5+ Ke6 51. Rh5 Rh1 52. Rxh6+ f6 53. h5
Rh4+ 54. Ke3 Rh3+ 55. Ke4 Rh4+ 56. Kd3 Kd5 57. Rxf6 Rh3+ 58. Ke2 Rxh5 59. Rf4
Rh3 60. Kd2 Ra3 61. Rh4 Rg3 62. Ke2 Ra3 63. Kd2 Rg3 64. Ke2 Ra3 1/2-1/2

[Event "40th Olympiad Women"]
[Site "Istanbul TUR"]
[Date "2012.09.03"]
[Round "6.36"]
[Board "1"]
[White "Perez, Eneida"]
[Black "Mona, Khaled"]
[Result "0-1"]
[WhiteTitle "WFM"]
[BlackTitle "WGM"]
[WhiteElo "2070"]
[BlackElo "2121"]
[WhiteTeam "Dominican Republic"]
[BlackTeam "Egypt"]
[WhiteFideId "602795"]
[BlackFideId "10605908"]
[EventDate "2012.08.28"]

1. d4 Nf6 2. e3 d6 3. Nf3 Nbd7 4. Be2 e5 5. c4 g6 6. Nc3 Bg7 7. O-O O-O 8. b4 a5
9. b5 Re8 10. Rb1 h5 11. dxe5 dxe5 12. e4 Nc5 13. Qxd8 Rxd8 14. Bg5 Re8 15. Bxf6
Bxf6 16. Nd5 Bd8 17. Nd2 Be6 18. Nc3 a4 19. Nf3 Bc8 20. Rfd1 f6 21. Rd2 c6 22.
bxc6 bxc6 23. Rd6 Bd7 24. Ne1 Kf7 25. Rdd1 Ke7 26. Nd3 Ne6 27. Bf1 Bc7 28. c5
Ra5 29. Rb4 Rea8 30. g3 a3 31. Rb7 Bc8 32. Rbb1 Nxc5 33. Nb4 Bd7 34. Bc4 Bd6 35.
Nd3 Na4 36. Nxa4 Rxa4 37. Rbc1 Rb8 38. f3 Rb6 39. Rc2 Be6 40. Bxe6 Kxe6 41. Kf2
Rd4 42. Ke3 Ra4 43. Rdc1 Kd7 44. f4 Ra8 45. fxe5 fxe5 46. Rf1 Ke6 47. Rcf2 Be7
48. h4 c5 49. Rc2 Rc8 50. Rfc1 Rb5 51. Rc4 Kd6 52. R1c3 Ra5 53. Rb3 Bd8 54. Rb7
Bc7 55. Rb1 Rf8 56. Rbc1 Rfa8 57. Rf1 Bd8 58. Rf7 R5a7 59. Rf1 Ra4 60. Rfc1 g5
61. Ke2 Rxc4 62. Rxc4 Ra5 63. hxg5 Bxg5 64. Kf3 Rb5 65. Rc3 Ra5 66. Rc4 Bd8 67.
Nc1 Ra7 68. Nd3 Bb6 69. Ke2 Ra5 70. Kf3 Bc7 71. Nc1 Ra8 72. Nd3 Bb6 73. Ke2 Rg8
74. Kf3 Kc6 75. Nxe5+ Kb5 76. Rc2 Bc7 77. Nd7 Rxg3+ 78. Kf2 Rg5 79. e5 Kc6 80.
Rxc5+ Kb7 81. Rb5+ Kc8 82. Nb6+ Bxb6+ 83. Rxb6 Rf5+ 84. Kg3 Rxe5 85. Rc6+ Kb7
86. Rc3 Ra5 87. Kh4 Kb6 88. Rb3+ Kc6 89. Rc3+ Kb5 90. Rf3 Kb4 91. Re3 Rc5 92.
Rb3+ Ka4 93. Rb8 Rc2 94. Ra8+ Kb4 95. Rb8+ Kc4 96. Rc8+ Kd3 0-1

[Event "40th Olympiad Women"]
[Site "Istanbul TUR"]
[Date "2012.09.03"]
[Round "6.36"]
[Board "2"]
[White "Wafa, Shrook"]
[Black "Munoz, Doribel"]
[Result "0-1"]
[WhiteTitle "WFM"]
[BlackTitle "WCM"]
[WhiteElo "1911"]
[BlackElo "1933"]
[WhiteTeam "Egypt"]
[BlackTeam "Dominican Republic"]
[WhiteFideId "10609970"]
[BlackFideId "6400574"]
[EventDate "2012.08.28"]

1. e4 d5 2. exd5 Qxd5 3. Nc3 Qa5 4. Nf3 Nf6 5. d4 Bg4 6. Be2 Nc6 7. O-O O-O-O 8.
Be3 e5 9. Ng5 Bxe2 10. Nxe2 exd4 11. Bf4 Qd5 12. Nf3 Ne4 13. Ng3 Nxg3 14. Bxg3
h5 15. a3 g5 16. h4 gxh4 17. Nxh4 Bd6 18. Bxd6 Rxd6 19. Qf3 Qg5 20. Qf5+ Qxf5
21. Nxf5 Rf6 22. Nh4 Rg8 23. g3 Ne5 24. b4 Rc6 25. Nf5 Re8 26. Nxd4 Rc4 27. Rfd1
Rxd4 28. Kg2 Red8 29. Re1 f6 30. Re2 Rd2 31. Rae1 R8d6 32. f4 Nc4 33. c3 Nxa3
34. Kh3 Rxe2 35. Rxe2 Nc4 36. Kh4 Rd5 37. Re6 Rf5 38. Re8+ Kd7 39. Rh8 Nd2 40.
g4 hxg4 41. Kxg4 Rd5 42. f5 Rd3 43. Rh7+ Kc6 44. Rf7 Rd6 45. Kf4 b5 46. Rf8 Nb1
47. Ra8 Kb7 48. Re8 Nxc3 0-1

[Event "40th Olympiad Women"]
[Site "Istanbul TUR"]
[Date "2012.09.03"]
[Round "6.36"]
[Board "3"]
[White "Aybar Portes, Omaira"]
[Black "Wafa, Shahenda"]
[Result "0-1"]
[BlackTitle "WFM"]
[WhiteElo "1844"]
[BlackElo "1830"]
[WhiteTeam "Dominican Republic"]
[BlackTeam "Egypt"]
[WhiteFideId "6402143"]
[BlackFideId "10609962"]
[EventDate "2012.08.28"]

1. d4 Nf6 2. Nf3 g6 3. e3 Bg7 4. Be2 d6 5. c4 Nbd7 6. Nc3 O-O 7. O-O c6 8. Re1
e5 9. dxe5 dxe5 10. Qc2 Qc7 11. e4 Nc5 12. Be3 Ne6 13. Rad1 Nf4 14. Bf1 Bg4 15.
Be2 Nxe2+ 16. Qxe2 Nh5 17. h3 Bd7 18. Qd2 Rad8 19. Qc1 Nf4 20. Ne2 Nxe2+ 21.
Rxe2 Qa5 22. b3 Bc8 23. Red2 Rxd2 24. Rxd2 f5 25. exf5 gxf5 26. Rc2 f4 27. Bd2
Qc7 28. Qf1 e4 29. Nh2 e3 30. Bc3 Bxc3 31. Rxc3 Qg7 32. Rc1 Bxh3 33. Nf3 e2 0-1

[Event "40th Olympiad Women"]
[Site "Istanbul TUR"]
[Date "2012.09.03"]
[Round "6.36"]
[Board "4"]
[White "Abdelmenaem, Sohayla"]
[Black "Hazim, Elizabeth"]
[Result "1-0"]
[BlackTitle "WCM"]
[WhiteElo "1732"]
[BlackElo "1834"]
[WhiteTeam "Egypt"]
[BlackTeam "Dominican Republic"]
[WhiteFideId "10610529"]
[BlackFideId "6400183"]
[EventDate "2012.08.28"]

1. d4 b6 2. Nf3 g6 3. g3 Bb7 4. Bg2 e6 5. O-O Bg7 6. c4 Ne7 7. Nc3 O-O 8. Bf4 d6
9. Qd2 Nd7 10. Rad1 a6 11. Rfe1 Nf6 12. e4 Qd7 13. e5 Ne8 14. Bh6 Nf5 15. Bxg7
Kxg7 16. g4 Nh6 17. Qf4 Bxf3 18. Bxf3 Rb8 19. g5 Nf5 20. Ne4 h6 21. Nf6 Qe7 22.
h4 hxg5 23. hxg5 Rh8 24. Kg2 Nh4+ 25. Kg3 Nf5+ 26. Kg2 Nh4+ 27. Kg1 Nxf3+ 28.
Qxf3 Kf8 29. Kg2 dxe5 30. dxe5 Nxf6 31. gxf6 Qe8 32. Rh1 Rh5 33. Rxh5 gxh5 34.
Qxh5 Qc6+ 35. Kg1 1-0

[Event "40th Olympiad Women"]
[Site "Istanbul TUR"]
[Date "2012.09.03"]
[Round "6.38"]
[Board "1"]
[White "Antonova, Nadezhda"]
[Black "Arig, Busra"]
[Result "1-0"]
[WhiteTitle "WFM"]
[WhiteElo "1909"]
[BlackElo "1864"]
[WhiteTeam "Tajikistan"]
[BlackTeam "Turkey 2016"]
[WhiteFideId "14700182"]
[BlackFideId "6309356"]
[EventDate "2012.08.28"]

1. d4 f5 2. Nf3 Nf6 3. g3 e6 4. Bg2 Be7 5. O-O O-O 6. c4 Qe8 7. d5 Na6 8. Nc3
Nc5 9. Nb5 Qd8 10. dxe6 Nxe6 11. Nfd4 c6 12. Nc3 Nxd4 13. Qxd4 d6 14. Rd1 Qb6
15. Qxb6 axb6 16. Be3 Be6 17. b3 Nd7 18. Rac1 Kf7 19. Bd4 Rfd8 20. Rc2 Ra6 21.
b4 c5 22. bxc5 dxc5 23. Be3 Bxc4 24. Rcd2 Be6 25. Bxb7 Ra7 26. Bc6 Rc7 27. Bb5
g6 28. Bf4 Ra7 29. Bc6 g5 30. Nb5 Ra5 31. Bc7 Rc8 32. Rxd7 Bxd7 33. Bxd7 Rca8
34. a3 h6 35. Bc6 Rc8 36. Bb7 Re8 37. Bd5+ Kf6 38. Bc4 Rc8 39. Bd6 Rd8 40. Bxe7+
Kxe7 41. Rxd8 Kxd8 42. Bd3 Ke7 43. Nc3 Kd6 44. a4 Ke5 45. e3 Ra7 46. f4+ Ke6 47.
Bc4+ Kd7 48. Kf2 Ra8 49. fxg5 hxg5 50. h4 gxh4 51. gxh4 Kd6 52. h5 Ke5 53. Be2
Rg8 54. Bf3 Rb8 55. Kg3 Rg8+ 56. Kf2 Rb8 57. Be2 Rf8 58. Bf3 Rb8 59. Ke2 Rd8 60.
Nd5 Rb8 61. Nf4 b5 62. a5 Rd8 63. a6 Rd7 64. Bb7 b4 65. a7 b3 66. a8=Q 1-0

[Event "40th Olympiad Women"]
[Site "Istanbul TUR"]
[Date "2012.09.03"]
[Round "6.38"]
[Board "3"]
[White "Ilhom, Mootribai"]
[Black "Ozturk, Hilal"]
[Result "1/2-1/2"]
[WhiteElo "1705"]
[BlackElo "1806"]
[WhiteTeam "Tajikistan"]
[BlackTeam "Turkey 2016"]
[WhiteFideId "14700204"]
[BlackFideId "6315330"]
[EventDate "2012.08.28"]

1. e4 e5 2. Nf3 Nc6 3. d4 exd4 4. Nxd4 Nf6 5. Nxc6 bxc6 6. e5 Qe7 7. Qe2 Nd5 8.
c4 Nb6 9. b3 a5 10. Bb2 a4 11. Nd2 axb3 12. axb3 Rxa1+ 13. Bxa1 Qa3 14. Qd1 Qa5
15. Bd3 Bb4 16. Ke2 d6 17. Re1 O-O 18. Qc2 h6 19. Bd4 Qa7 20. Ra1 Qb8 21. Kf1
Re8 22. f4 Bd7 23. Nf3 Qd8 24. Bh7+ Kh8 25. Bd3 Bg4 26. Be2 Nd7 27. h3 dxe5 28.
Bxe5 Nxe5 29. Nxe5 Bxe2+ 30. Qxe2 Qf6 31. Qf3 Kg8 32. Ra6 Re6 33. Ra8+ Kh7 34.
Ra6 Bd6 35. Rxc6 Bxe5 36. Rxe6 fxe6 37. fxe5 Qxe5 38. Qd3+ Kg8 39. Qe2 Qf5+ 40.
Qf3 Qb1+ 41. Kf2 Qc2+ 42. Kg3 Qg6+ 43. Kf4 Qf7+ 44. Ke5 Qe7 45. Kd4 Qg5 46. Qc6
Qf4+ 47. Qe4 Qd2+ 48. Kc5 Qa5+ 49. Kd4 Qd2+ 50. Kc5 Qd6+ 51. Kb5 Qb6+ 52. Ka4 c5
53. Ka3 Qb4+ 54. Kb2 Qd2+ 1/2-1/2

[Event "40th Olympiad Women"]
[Site "Istanbul TUR"]
[Date "2012.09.03"]
[Round "6.38"]
[Board "4"]
[White "Durmaz, Ayca Fatma"]
[Black "Antonova, Lidiya"]
[Result "1-0"]
[WhiteElo "1801"]
[BlackElo "1762"]
[WhiteTeam "Turkey 2016"]
[BlackTeam "Tajikistan"]
[WhiteFideId "6317855"]
[BlackFideId "14700492"]
[EventDate "2012.08.28"]

1. c4 Nf6 2. Nf3 e6 3. g3 b6 4. Bg2 Bb7 5. O-O Be7 6. Nc3 O-O 7. d4 d6 8. b3
Nbd7 9. Bb2 Ne4 10. Qc2 f5 11. Rad1 Ndf6 12. Ng5 Nxg5 13. Bxb7 Rb8 14. Bg2 Qe8
15. f4 Nge4 16. Nxe4 fxe4 17. Bxe4 Nxe4 18. Qxe4 Bf6 19. Qc2 Qc6 20. Rf3 Rbe8
21. Ba3 Rf7 22. Re3 d5 23. Rc3 Qd7 24. e3 Be7 25. Bxe7 Rfxe7 26. b4 a6 27. a4 h6
28. Rb1 Rc8 29. a5 b5 30. cxb5 Qxb5 31. Rc5 Qd7 32. b5 axb5 33. Rcxb5 Ra8 34.
Qc5 Qe8 35. Rb7 c6 36. Qxe7 Qxe7 37. Rxe7 Rxa5 38. Rb8+ Kh7 39. Rbb7 Ra1+ 40.
Kf2 Ra2+ 41. Kf3 Kg6 42. Rxg7+ 1-0

[Event "40th Olympiad Women"]
[Site "Istanbul TUR"]
[Date "2012.09.03"]
[Round "6.39"]
[Board "1"]
[White "Lang, Heather"]
[Black "Razan, Alshaeby"]
[Result "1-0"]
[WhiteElo "2015"]
[BlackElo "1687"]
[WhiteTeam "Scotland"]
[BlackTeam "Jordan"]
[WhiteFideId "2400979"]
[BlackFideId "8102953"]
[EventDate "2012.08.28"]

1. e4 d5 2. exd5 Nf6 3. Nc3 Nxd5 4. Bc4 Nb6 5. Bb3 Bf5 6. Nf3 e6 7. d4 Be7 8. a4
O-O 9. O-O Nc6 10. a5 Nd5 11. Nxd5 exd5 12. Bf4 a6 13. c3 Na7 14. Bc2 Bxc2 15.
Qxc2 Bd6 16. Qf5 Bxf4 17. Qxf4 Nb5 18. Rfe1 Qd6 19. Ne5 Rae8 20. Qg4 f5 21. Qf3
c6 22. Nd3 Rxe1+ 23. Rxe1 Qc7 24. Nc5 g6 25. h4 Nd6 26. Qf4 Rf7 27. Re6 Nc4 28.
Re8+ 1-0

[Event "40th Olympiad Women"]
[Site "Istanbul TUR"]
[Date "2012.09.03"]
[Round "6.39"]
[Board "2"]
[White "Fuad Kamel Jamaliah, Natalie"]
[Black "Roy, Ali"]
[Result "1/2-1/2"]
[WhiteTitle "WIM"]
[WhiteElo "1997"]
[BlackElo "1836"]
[WhiteTeam "Jordan"]
[BlackTeam "Scotland"]
[WhiteFideId "724190"]
[BlackFideId "2400456"]
[EventDate "2012.08.28"]

1. e4 e6 2. d4 d5 3. Nd2 dxe4 4. Nxe4 Nd7 5. Nf3 Ngf6 6. Nxf6+ Nxf6 7. Be3 Be7
8. Bd3 O-O 9. Qe2 b6 10. O-O-O Bb7 11. Kb1 c5 12. dxc5 Qc7 13. cxb6 axb6 14. Bd4
Rfc8 15. Rhe1 Bd5 16. c4 Qa7 17. b3 Be4 18. Bxe4 Nxe4 19. Qc2 Nd6 20. Qb2 Nf5
21. g4 Nxd4 22. Nxd4 Bf6 23. Qc2 Qa5 24. Re2 Qg5 25. h3 Ra5 26. Nf3 Qf4 27. Qe4
Qb8 28. Rd7 b5 29. Ne5 bxc4 30. Nxc4 Rac5 31. Rb7 Qh2 32. Re1 Qxf2 33. Qe3 Qh2
34. Qf3 Ra8 35. a4 Rxc4 36. bxc4 Rxa4 37. Re2 Ra1+ 38. Kc2 Ra2+ 39. Kd3 Ra3+ 40.
Kc2 Ra2+ 41. Kb3 Rxe2 42. Qxe2 Qxh3+ 43. Ka4 g6 44. c5 Qc3 45. Kb5 Qb3+ 46. Kc6
Qd5+ 47. Kb6 Bd8+ 48. Ka6 Qxc5 49. Qd2 Qa3+ 50. Kb5 Qb3+ 51. Kc6 Qa4+ 52. Kc5
Qa5+ 53. Qxa5 Bxa5 54. Rb5 Bd2 55. Kd6 Kg7 56. Ke7 f5 57. Kxe6 fxg4 58. Kd5 g3
59. Rb1 Be3 60. Ke4 Bf2 61. Kf3 h5 62. Rb4 Kh6 63. Ra4 Kg5 64. Kg2 Kh6 65. Kf3
g5 66. Ra6+ Kg7 67. Ra5 g4+ 68. Kg2 Kg6 69. Ra6+ Kg7 70. Ra5 h4 71. Rg5+ Kh6 72.
Rxg4 Kh5 73. Ra4 Be3 74. Kh3 Bg5 75. Ra5 1/2-1/2

[Event "40th Olympiad Women"]
[Site "Istanbul TUR"]
[Date "2012.09.03"]
[Round "6.39"]
[Board "3"]
[White "Giulian, Rosemary A"]
[Black "Boshra, Alshaeby"]
[Result "1/2-1/2"]
[BlackTitle "WFM"]
[WhiteElo "1894"]
[BlackElo "1927"]
[WhiteTeam "Scotland"]
[BlackTeam "Jordan"]
[WhiteFideId "2400375"]
[BlackFideId "8102937"]
[EventDate "2012.08.28"]

1. e4 c5 2. Nc3 d6 3. f4 Nf6 4. Nf3 g6 5. Bb5+ Bd7 6. Bxd7+ Qxd7 7. O-O Bg7 8.
d3 O-O 9. Qe2 Nc6 10. Nd1 b5 11. c3 Rac8 12. Nf2 b4 13. Bd2 e5 14. fxe5 dxe5 15.
Be3 Qd6 16. Qd2 Nh5 17. Bh6 Rfd8 18. Bxg7 Kxg7 19. Ng4 Nf4 20. Nfxe5 Nxe5 21.
Qxf4 Nxg4 22. Qxg4 bxc3 23. bxc3 Qxd3 24. Rf3 Qc4 25. Qf4 Rd3 26. Rxd3 Qxd3 27.
Rc1 Qc4 28. Qe5+ Kg8 29. Qd5 Qxd5 30. exd5 c4 31. Kf2 Kf8 32. Rc2 Ke7 33. Ke3
Kd6 34. Kd4 Rc5 35. Rb2 Rxd5+ 36. Kxc4 Rc5+ 37. Kd4 Ra5 38. c4 f5 39. Re2 g5 40.
g3 h6 41. Rb2 Kc6 42. Re2 Kd6 43. Rb2 Kc6 44. Re2 Kd6 1/2-1/2

[Event "40th Olympiad Women"]
[Site "Istanbul TUR"]
[Date "2012.09.03"]
[Round "6.39"]
[Board "4"]
[White "Alattar, Ghayda M."]
[Black "Lampard, Alice"]
[Result "1-0"]
[WhiteTitle "WFM"]
[WhiteElo "1921"]
[BlackElo "1593"]
[WhiteTeam "Jordan"]
[BlackTeam "Scotland"]
[WhiteFideId "8101531"]
[BlackFideId "2402750"]
[EventDate "2012.08.28"]

1. d4 c5 2. d5 g6 3. Nc3 Bg7 4. e4 d6 5. Nf3 Bg4 6. Be2 Nf6 7. Nd2 Bxe2 8. Qxe2
O-O 9. O-O Nfd7 10. f4 Na6 11. Kh1 Nc7 12. a4 a6 13. a5 b5 14. axb6 Nxb6 15. Nf3
Nd7 16. Rb1 Rb8 17. Bd2 Nb5 18. Nxb5 axb5 19. b4 c4 20. Be3 Qc7 21. Nd4 Nf6 22.
Bg1 Rfe8 23. f5 g5 24. Ra1 Nd7 25. Ra5 Bxd4 26. Bxd4 Ne5 27. Qh5 f6 28. Ra3 Rf8
29. Bxe5 dxe5 30. h4 gxh4 31. Rh3 Rf7 32. Qh6 Qd8 33. Rxh4 Qf8 34. Qh5 Rg7 35.
Ra1 Qf7 36. Qxf7+ Kxf7 37. Ra7 Kf8 38. Kg1 Kg8 39. Kf2 Kh8 40. Kf3 Rbg8 41. g4
Rb8 42. Rh3 Rbg8 43. c3 Rb8 44. Rh6 Kg8 45. g5 fxg5 46. Kg4 Kf8 47. f6 exf6 48.
Rxf6+ Kg8 49. Rxg7+ Kxg7 50. Kxg5 Ra8 51. Rb6 Ra3 52. Rb7+ Kg8 53. d6 Ra8 54.
Rxb5 Rd8 55. Rd5 Kf7 56. Kf5 h5 57. d7 h4 58. Kg4 Ke6 59. Kxh4 Rxd7 60. Rxd7
Kxd7 61. Kg5 Ke6 62. Kg6 Ke7 63. Kf5 Kd6 64. Kf6 Kc6 65. Kxe5 1-0

[Event "40th Olympiad Women"]
[Site "Istanbul TUR"]
[Date "2012.09.03"]
[Round "6.40"]
[Board "1"]
[White "Caoili, Arianne"]
[Black "Vargas, Gabriela"]
[Result "1/2-1/2"]
[WhiteTitle "WIM"]
[BlackTitle "WFM"]
[WhiteElo "2204"]
[BlackElo "2050"]
[WhiteTeam "Australia"]
[BlackTeam "Paraguay"]
[WhiteFideId "5201179"]
[BlackFideId "3700860"]
[EventDate "2012.08.28"]

1. Nf3 Nf6 2. g3 d5 3. Bg2 e6 4. O-O Be7 5. c4 O-O 6. d4 Nbd7 7. Qc2 c6 8. Nbd2
b6 9. e4 dxe4 10. Nxe4 Nxe4 11. Qxe4 Bb7 12. Re1 Nf6 13. Qe2 Re8 14. Ne5 Qxd4
15. Nxc6 Qd7 16. Rd1 Qc8 17. Nxe7+ Rxe7 18. Bg5 Bxg2 19. Bxf6 gxf6 20. Qg4+ Kf8
21. Kxg2 Rd7 22. Qf3 Rxd1 23. Rxd1 f5 24. Rd4 Rb8 25. Rh4 Ke7 26. Rxh7 Qxc4 27.
Qa3+ Kf6 28. Qxa7 Qe4+ 29. f3 Rb7 30. Qa6 Qc2+ 31. Kh3 Rd7 32. Qxb6 Rd2 33. Qg1
Qd3 34. f4 Qf3 35. Rh4 Qe2 36. b4 Rxa2 37. Qd4+ Ke7 38. Qc5+ Kf6 39. Qd4+ Ke7
40. Qc5+ Kf6 1/2-1/2

[Event "40th Olympiad Women"]
[Site "Istanbul TUR"]
[Date "2012.09.03"]
[Round "6.40"]
[Board "2"]
[White "Avalos, Leticia"]
[Black "Guo, Emma"]
[Result "0-1"]
[WhiteTitle "WCM"]
[BlackTitle "WIM"]
[WhiteElo "1742"]
[BlackElo "2004"]
[WhiteTeam "Paraguay"]
[BlackTeam "Australia"]
[WhiteFideId "3702073"]
[BlackFideId "3200795"]
[EventDate "2012.08.28"]

1. d4 d5 2. Nf3 Nf6 3. e3 c6 4. Bd3 Bg4 5. Nbd2 Nbd7 6. c4 e6 7. Qc2 Be7 8. b3
Rc8 9. Bb2 c5 10. O-O cxd4 11. exd4 Bh5 12. Ne5 Nxe5 13. dxe5 Nd7 14. Qb1 Bb4
15. Qc2 dxc4 16. Rac1 c3 17. Bb5 O-O 18. Qe4 cxd2 19. Rxc8 Qxc8 20. Qxb4 d1=Q
21. Rxd1 Bxd1 22. Qd4 Qc2 23. Bxd7 Be2 24. h3 Rd8 25. Bc3 Bb5 26. Qxa7 Qd1+ 27.
Kh2 Qxd7 28. Bb4 Qd4 29. Bc5 Qxe5+ 30. g3 Bc6 0-1

[Event "40th Olympiad Women"]
[Site "Istanbul TUR"]
[Date "2012.09.03"]
[Round "6.40"]
[Board "3"]
[White "Yu, Sally"]
[Black "Rojas, Montserrat"]
[Result "1-0"]
[WhiteElo "1990"]
[BlackElo "1605"]
[WhiteTeam "Australia"]
[BlackTeam "Paraguay"]
[WhiteFideId "3206718"]
[BlackFideId "3701670"]
[EventDate "2012.08.28"]

1. e4 c5 2. Nf3 e6 3. d4 cxd4 4. Nxd4 g6 5. c4 Bg7 6. Nb5 Nc6 7. Nd6+ Ke7 8. Nc3
a6 9. Be3 Qa5 10. Rc1 Nf6 11. a3 Ne8 12. c5 Qc7 13. Na4 Kf8 14. Nb6 Rb8 15.
Ndxc8 Rxc8 16. Nxc8 Qxc8 17. Qd2 Qc7 18. f3 Nf6 19. Bc4 h5 20. O-O h4 21. Rfd1
h3 22. g3 Ne5 23. Be2 Ke8 24. b4 Nh5 25. f4 Nc6 26. a4 g5 27. b5 axb5 28. axb5
Ne7 29. Qd6 Qxd6 30. cxd6 1-0

[Event "40th Olympiad Women"]
[Site "Istanbul TUR"]
[Date "2012.09.03"]
[Round "6.40"]
[Board "4"]
[White "Perez, Dalila"]
[Black "Dekic, Biljana N."]
[Result "0-1"]
[BlackTitle "WIM"]
[WhiteElo "1760"]
[BlackElo "2104"]
[WhiteTeam "Paraguay"]
[BlackTeam "Australia"]
[WhiteFideId "3702014"]
[BlackFideId "3200493"]
[EventDate "2012.08.28"]

1. d4 Nf6 2. Nf3 b6 3. Bf4 Bb7 4. e3 d6 5. h3 g6 6. Be2 Bg7 7. O-O Nbd7 8. Nbd2
O-O 9. c4 a5 10. a4 Re8 11. Re1 c5 12. Qb3 Rb8 13. Rad1 Qc7 14. Nb1 Ne4 15. Na3
Ba6 16. Nb5 Bxb5 17. Qxb5 Rbc8 18. Nd2 Nef6 19. Nb3 Qa7 20. Bf3 Nb8 21. Nc1 Na6
22. Na2 Red8 23. Qb3 Nb4 24. Nc3 Ne8 25. d5 Nc7 26. e4 Be5 27. Bxe5 dxe5 28. Bg4
Rb8 29. h4 h5 30. Bh3 Rd6 31. f4 exf4 32. e5 Rdd8 33. Rf1 Rf8 34. Rxf4 Rbd8 35.
Ne4 b5 36. axb5 Ncxd5 37. cxd5 c4+ 38. Kh1 cxb3 39. Rdf1 Nd3 0-1

[Event "40th Olympiad Women"]
[Site "Istanbul TUR"]
[Date "2012.09.03"]
[Round "6.41"]
[Board "1"]
[White "Al-khulaifi, Ghada"]
[Black "Yurenok, Maria S"]
[Result "0-1"]
[BlackTitle "WFM"]
[WhiteElo "1646"]
[BlackElo "2058"]
[WhiteTeam "Qatar"]
[BlackTeam "England"]
[WhiteFideId "12100633"]
[BlackFideId "409359"]
[EventDate "2012.08.28"]

1. e4 c5 2. b4 b6 3. bxc5 bxc5 4. d4 cxd4 5. Qxd4 Nc6 6. Qd1 Nf6 7. Nc3 e6 8. a3
a6 9. Nf3 Bc5 10. Bg5 Qa5 11. Bd2 Qb6 12. Qe2 Ng4 13. Nd1 O-O 14. h3 Nge5 15.
Nxe5 Nxe5 16. Qh5 f5 17. Be2 Bb7 18. O-O Bxe4 19. Nc3 Bxc2 20. Rac1 Qb3 21. Bd1
Bxd1 22. Rfxd1 Bxa3 23. Rb1 Qc4 24. Qg5 Nf7 25. Qg3 Bd6 26. f4 Rab8 27. Rbc1 Rb3
28. Kh1 Ba3 29. Rc2 Nd6 30. Be3 Rxc3 31. Qg5 Ne4 32. Rxc3 Qxc3 33. Bd4 Qxd4 34.
Rxd4 Nxg5 35. fxg5 d6 36. Ra4 Bc5 37. Rxa6 Rb8 38. h4 Kf7 39. h5 h6 40. g6+ Kf6
41. Rc6 Ke5 0-1

[Event "40th Olympiad Women"]
[Site "Istanbul TUR"]
[Date "2012.09.03"]
[Round "6.41"]
[Board "2"]
[White "Hegarty, Sarah N"]
[Black "Al-khulaifi, Fatima A."]
[Result "1-0"]
[WhiteTitle "WFM"]
[WhiteElo "2120"]
[BlackElo "1583"]
[WhiteTeam "England"]
[BlackTeam "Qatar"]
[WhiteFideId "2501465"]
[BlackFideId "12100382"]
[EventDate "2012.08.28"]

1. e4 e5 2. Bc4 Nf6 3. d3 Nc6 4. Nf3 Bc5 5. O-O a6 6. Bb3 d6 7. c3 O-O 8. Nbd2
Kh8 9. h3 Ba7 10. Re1 Nh5 11. Nf1 Qf6 12. Ne3 Nf4 13. Nd5 Qg6 14. Bxf4 exf4 15.
d4 f5 16. exf5 Bxf5 17. Nxf4 Qh6 18. Ne6 Rf6 19. Neg5 Qg6 20. Bd5 Raf8 21. Kh1
h6 22. Ne4 Bxh3 23. Nh4 Bxg2+ 24. Nxg2 Rf3 25. Bxc6 Qh5+ 26. Kg1 Qh3 27. Ng5
hxg5 28. Bxf3 Rxf3 29. Re8+ Kh7 30. Qc2+ g6 31. Rae1 Rf7 32. R8e7 Kg7 33. Rxf7+
Kxf7 34. Qb3+ Kf6 35. Qxb7 g4 36. Qxc7 1-0

[Event "40th Olympiad Women"]
[Site "Istanbul TUR"]
[Date "2012.09.03"]
[Round "6.41"]
[Board "3"]
[White "Safar, Alshaymaa"]
[Black "Chevannes, Sabrina L"]
[Result "0-1"]
[WhiteTitle "WCM"]
[BlackTitle "WFM"]
[WhiteElo "1575"]
[BlackElo "2090"]
[WhiteTeam "Qatar"]
[BlackTeam "England"]
[WhiteFideId "12100510"]
[BlackFideId "411280"]
[EventDate "2012.08.28"]

1. d4 d5 2. c4 e5 3. dxe5 d4 4. Nf3 Nc6 5. Bg5 Be7 6. Bxe7 Ngxe7 7. Nbd2 Bg4 8.
Qb3 O-O 9. h3 Bc8 10. a3 Ng6 11. e3 Ngxe5 12. Be2 dxe3 13. fxe3 Nxf3+ 14. Nxf3
Re8 15. Rd1 Qe7 16. Kf2 Bf5 17. Rhe1 Rab8 18. Bd3 Bxd3 19. Rxd3 b6 20. Qb5 Qf6
21. Rd7 Ne5 22. Rxc7 Nd3+ 23. Ke2 Nxe1 24. Nxe1 Qf4 0-1

[Event "40th Olympiad Women"]
[Site "Istanbul TUR"]
[Date "2012.09.03"]
[Round "6.41"]
[Board "4"]
[White "Bhatia, Kanwal K"]
[Black "Al-Khelaifi, Kholoud"]
[Result "1-0"]
[WhiteTitle "WFM"]
[WhiteElo "2103"]
[BlackElo "1498"]
[WhiteTeam "England"]
[BlackTeam "Qatar"]
[WhiteFideId "407496"]
[BlackFideId "12100145"]
[EventDate "2012.08.28"]

1. e4 e5 2. Nf3 Nc6 3. Bb5 a6 4. Ba4 Bc5 5. O-O b5 6. Bb3 Nf6 7. d3 h6 8. c3 d6
9. h3 O-O 10. Be3 Ba7 11. Nbd2 Be6 12. Bc2 Ne7 13. a4 Qb8 14. b4 c5 15. Bb3 Nc6
16. Bxe6 fxe6 17. Qb3 Re8 18. axb5 Qxb5 19. Nc4 Red8 20. Na3 Qxd3 21. Qxe6+ Kh8
22. Bxh6 Nxe4 23. Rad1 Qxc3 24. Bxg7+ Kxg7 25. Qg4+ Kf7 26. Qxe4 Nxb4 27. Nc4
Ke7 28. Qh7+ Ke8 29. Nxd6+ Kf8 30. Qf7# 1-0